000 00417nam a2200145Ia 4500
008 100204s9999 xx 000 0 und d
082 _b27
100 _aखानोलकर चिंतामणी त्र्यंबक
245 _aबाप
260 _bप्रमोद प्रकाशन पुणे
_c1978
300 _a128
630 _aबाप
730 _aबाप
942 _cBOOK
999 _c445224
_d445221